US State Capitals by founding date - Statistics

General Stats
  • This quiz has been taken 24 times
  • The average score is 24 of 50
Answer Stats
Date Established Capital % Correct
1610 Santa Fe
88%
1614 Albany
82%
1630 Boston
82%
1636 Providence
76%
1649 Annapolis
71%
1725 Concord
65%
1683 Dover
65%
1635 Hartford
65%
1733 Richmond
65%
1719 Trenton
65%
1754 Augusta
59%
1835 Austin
59%
1786 Columbia
59%
1785 Harrisburg
59%
1781 Montpellier
59%
1889 Oklahoma City
59%
1792 Raleigh
59%
1843 Atlanta
53%
1699 Baton Rouge
53%
1812 Columbus
47%
1786 Frankfort
47%
1864 Helena
47%
1881 Juneau
47%
1848 Sacramento
47%
1863 Boise
41%
1858 Denver
41%
1820 Honolulu
41%
1837 Lansing
41%
1819 Montgomery
41%
1779 Nashville
41%
1868 Phoenix
41%
1819 Springfield
41%
1872 Bismarck
35%
1867 Cheyenne
35%
1822 Jackson
35%
1836 Madison
35%
1853 Olympia
35%
1880 Pierre
35%
1842 Salem
35%
1847 Salt Lake City
35%
1824 Tallahassee
35%
1854 Topeka
35%
1858 Carson City
29%
1788 Charleston
29%
1843 Des Moines
29%
1821 Indianapolis
29%
1856 Lincoln
29%
1821 Little Rock
29%
1838 St Paul
29%
1821 Jefferson City
24%
No matching quizzes found
Score Distribution
Percent of People with Each Score
Percentile by Number Answered
Your Score History
You have not taken this quiz